NBA Finals Teams' Playoff Rosters 2020s - Statistics

General Stats
  • This quiz has been taken 358 times
  • The average score is 86 of 178
Answer Stats
Games Answer % Correct
23 (23) Shai Gilgeous-Alexander
97%
19 (19) | 24 (24) Jayson Tatum
93%
20 (20) Nikola Jokic
93%
20 Bruce Brown
92%
19 (19) | 24 (24) Jaylen Brown
92%
16 Jaylin Williams
92%
22 (22) Luka Doncic
92%
23 (23) Tyrese Haliburton
92%
21 (21) Giannis Antetokounmpo
91%
23 (23) Jalen Williams
91%
21 (21) | 22 (22) Jimmy Butler
91%
22 (18) Stephen Curry
91%
24 (5) Grant Williams
90%
17 Kenrich Williams
90%
17 (15) Robert Williams II
90%
23 (23) Chet Holmgren
89%
21 (21) LeBron James
89%
21 (21) Anthony Davis
88%
22 (22) Draymond Green
88%
20 (20) Jamal Murray
88%
21 (21) Danny Green
87%
20 Jeff Green
87%
22 Josh Green
87%
22 (22) Klay Thompson
87%
19 (19) | 23 (23) Bam Adebayo
85%
19 (19) | 23 (3) Derrick White
85%
19 (19) | 23 (23) Jrue Holiday
85%
22 (22) Kyrie Irving
85%
22 (22) Devin Booker
83%
7 (4) Kristaps Porzingis
83%
19 (15) | 23 (23) Al Horford
82%
1 (1) | 21 (5) Tyler Herro
82%
23 (23) Pascal Siakam
81%
23 (23) Khris Middleton
80%
20 (20) Michael Porter Jr
80%
23 (23) Myles Turner
80%
19 (3) Otto Porter Jr
80%
23 (20) Isaiah Hartenstein
79%
23 (23) Luguentz Dort
79%
20 (20) Aaron Gordon
78%
21 (1) | 23 Alex Caruso
78%
22 Aaron Wiggins
77%
22 (22) Andrew Wiggins
77%
23 (23) Brook Lopez
77%
20 (20) Chris Paul
75%
20 (20) Kentavious Caldwell-Pope
73%
21 (21) Kentavious Caldwell Pope
73%
22 (22) Deandre Ayton
71%
24 (0) Payton Pritchard
71%
23 (23) Andrew Nembhard
68%
22 (13) Kevon Looney
66%
21 Cameron Johnson
64%
18 (7) Dwight Howard
64%
5 James Johnson
64%
21 Dereck Lively II
63%
22 (22) Daniel Gafford
62%
15 | 23 (23) Aaron Nesmith
61%
23 TJ McConnell
61%
15 | 22 (22) Derrick Jones Jr
60%
10 JR Smith
60%
22 (22) PJ Washington
60%
10 Dillon Jones
59%
4 Ish Smith
59%
6 Jalen Smith
59%
21 (21) | 23 (1) Duncan Robinson
58%
19 Christian Braun
57%
19 Payton Pritchard
57%
22 (5) Jordan Poole
56%
22 Bennedict Mathurin
52%
21 (21) Marcus Smart
50%
22 (22) Mikal Bridges
50%
20 (2) Bobby Portis
49%
23 (3) Cason Wallace
49%
5 Justin Jackson
49%
6 Reggie Jackson
49%
23 (19) PJ Tucker
47%
2 Talen Horton-Tucker
47%
7 | 19 Sam Hauser
45%
23 (1) Kyle Lowry
44%
20 (18) Kevin Love
43%
1 | 22 (22) Gabe Vincent
42%
21 Isaiah Joe
42%
14 (11) JaVale McGee
42%
4 DeAndre Jordan
41%
16 (3) Jonathan Kuminga
41%
23 Obi Toppin
41%
16 Rajon Rondo
41%
12 (2) Gary Payton
40%
9 | 13 Luke Kornet
38%
13 Dwight Powell
37%
21 Kyle Kuzma
37%
13 Thanasis Antetokounmpo
37%
21 (21) | 22 (22) Jae Crowder
36%
23 (4) Caleb Martin
35%
3 Neemias Queta
34%
23 (23) Max Strus
33%
14 Tim Hardaway Jr
33%
7 | 21 Andre Iguodala
32%
12 Ajay Mitchell
31%
12 Jarace Walker
31%
3 Jordan Walsh
30%
13 Maxi Kleber
30%
13 Moses Moody
30%
1 | 20 Thomas Bryant
30%
11 Elijah Bryant
29%
23 (1) Pay Connaughton
29%
1 | 21 (2) Markieff Morris
28%
7 Nikola Jovic
27%
3 Donte DiVincenzo
26%
8 Xavier Tillman
26%
21 Dante Exum
24%
5 Peyton Watson
24%
2 Udonis Haslem
24%
22 (2) Cameron Payne
23%
17 (16) Goran Dragic
23%
11 Tony Bradley
22%
21 Ben Sheppard
20%
19 Jaden Hardy
20%
16 Jeff Teague
19%
14 Juan Toscano-Anderson
19%
9 Ousmane Dieng
19%
1 Ty-Shon Alexander
19%
18 Haywood Highsmith
18%
16 Damion Lee
16%
11 Johnny Furphy
16%
3 (2) Meyers Leonard
16%
5 Zeke Nnaji
15%
21 Cody Zeller
13%
15 Kendrick Nunn
12%
17 Kelly Olynyk
11%
2 Victor Oladipo
11%
14 Dario Saric
10%
22 Torrey Craig
10%
7 Jevon Carter
9%
6 Quinn Cook
9%
7 Solomon Hill
9%
5 Dion Waiters
8%
3 Olivier-Maxence Prosper
8%
16 (5) Daniel Theis
7%
4 Jaden Springer
7%
15 Nemanja Bjelica
7%
8 Svi Mykhailiuk
7%
9 Jared Dudley
6%
10 Oshae Brissett
6%
5 Vlatko Cancar
6%
20 Bryn Forbes
5%
10 Frank Kaminsky
4%
5 Jordan Nwora
4%
10 AJ Lawson
3%
7 E'Twaun Moore
3%
8 Omer Yurtseven
3%
8 Sam Merrill
3%
13 Nik Stauskas
2%
5 Abdel Nader
1%
4 Axel Toupane
1%
9 Juwan Morgan
1%
2 Langston Galloway
1%
9 Malik Fitts
1%
7 Mamadi Diakite
1%
No matching quizzes found
Score Distribution
Percent of People with Each Score
Percentile by Number Answered
Your Score History
You have not taken this quiz